|
|
|
|
| LEADER |
00719cam a2200205 7i4500 |
| 001 |
0000007552 |
| 005 |
20171026090000.0 |
| 020 |
|
|
|a 9780471660774 (pbk.)
|
| 020 |
|
|
|a 0471660779 (pbk.)
|
| 090 |
0 |
0 |
|a TA357
|b .Y34 2004
|
| 100 |
1 |
|
|a Young, Donald F
|
| 245 |
1 |
2 |
|a A brief introduction to fluid mechanics
|c Donald F. Young, Bruce R. Munson, Theodore H. Okiishi.
|
| 260 |
|
|
|a New York:
|b John Wiley & Sons, Inc.,
|c 2004.
|
| 300 |
|
|
|a xv, 532 p.:
|b ill.;
|c 23 cm.
|
| 500 |
|
|
|a Includes index
|
| 650 |
0 |
0 |
|a Fluid mechanics
|
| 700 |
1 |
|
|a Munson, Bruce R
|
| 700 |
1 |
|
|a Okisshi, Theodore H
|
| 997 |
|
|
|a Engineering & Life Sciences, Faculty
|b Engineering, Department
|
| 999 |
|
|
|a 0000009694
|b BOK
|c OPEN SHELF
|e 2nd Floor, Bestari Jaya
|